00758 2200265 4500001002100000005001500021035002000036082001600056084002200072245008500094260003900179300004100218650001200259650001600271650001500287650000900302110004600311020000600357250000600363008004100369856003400410990001600444990001600460990001600476INLIS00000000000131020260420113303 a0010-0426000008 a030:631=060 a030:631=060 BAD p1 aPanduan Pengelolaan Sistem Web Badan Perakitan dan Modernisasi Pertanian /cBRMP aJakarta :bSekretariat BRMP,c2025 aiv+102 :bill., tab. ;c14,5 x 21 cm 4aPanduan 4aPengelolaan 4aSistem Web 4aBRMP0 aBADAN Perakitan dan Modernisasi Pertanian a- a1260420 g 0 ind  aPerpustakaan Sekretariat BRMP a3529/2026/B a3527/2026/B a3528/2028/B